000 00430nam a2200157Ia 4500
003 GCL
008 140319s9999 xx 000 0 ara d
040 _aGCL /
_cGCL
082 0 4 _aط
_b813.087
_bا خ
245 1 0 _aالخنفساء الذهبية
490 _aسلسلة روايات عالمية للفتيان
_v0
650 0 4 _aالاطفال
650 0 4 _aالقصص
650 0 4 _aالقصص الذهبية
942 _2ddc
_cBK
999 _c42991
_d42991